000 00871nam a2200253Ia 4500
003 OSt
005 20221005112226.0
006 a|||||r|||| 00| 0
007 ta
008 221004b |||||||| |||| 00| 0 pan d
020 _a9788171435059 (hbk)
_c119
024 _a14043
037 _b894, 08/09/2014, H.K. Prakashan
_cTextual
040 _aCRL
_cCRL
_bpan
041 _2pan
_apan
082 _aO153,2NDHx, P9
100 _aਕੇਵਲ ਧਾਲੀਵਾਲ
245 0 _aਮਾਂ ਤੇ ਤਰਕਾਲਾਂ
260 _aਅੰਮ੍ਰਿਤਸਰ
_bਰਵੀ ਸਾਹਿਤ ਪ੍ਰਕਾFਨ ਭਾਰਤ
_c2013
300 _a128ਪੰ
_ccm.
650 _aਪੰਜਾਬੀ ਸਾਹਿਤ
942 _hO153,2NDHx, P9
_cTEXL
_2cc
999 _c1024248
_d1024248